000 00637nam a2200241 a 4500
001 nice12345678
003 IN_TiNIC
005 20260116015249.0
008 050524s2002 mina grp 000 0 eng
020 _a
_c100
082 0 0 _a371.9754
_bROT
100 _aRothgery, Eric
245 _aEarly Modern Islamic Educational Reform in India & Egypt
260 _aMinnesota (USA)
_bSt. Paul Luther Seminary
_c2002
300 _a111p
500 _aincludes index and biblioraphy
505 2 _aResponce Sheet
650 _aEducation-Muslims India
700 1 _aRothgery, Eric
902 _bSRS
942 _cBK
999 _c18975
_d18975